'E' Cartoon Characters by Picture Quiz Stats

 Plays Quiz Updated Apr 17, 2017

Support Sporcle.
Go Orange.
Score 0/15 Timer 05:00
1 Play Today
Character % Correct
Elsa
93.2%
Eeyore
79.6%
EVE
72.8%
Eric Cartman
71.8%
Elmer Fudd
71.4%
Edd
66.2%
Edna Mode
59.8%
Esmeralda
57.6%
Character % Correct
Eugene Krabs
56.1%
Elroy Jetson
52.8%
Electro
31.4%
Espeon
26.4%
Elliot
23.4%
Emma Frost
21.2%
Eustace Bagge
18.1%

You're not logged in!

Compare scores with friends on all Sporcle quizzes.
OR
Log In
Forgot?

From the Vault

Balanced Celebrities

by Eobo

When we say 'balanced', we're not talking about facial symmetry. Though some of them might have that, too.
Remove Ads.
Support Sporcle.
Get the best of Sporcle when you Go Orange. This ad-free experience offers more features, more stats, and more fun while also helping to support Sporcle. Thank you for becoming a member.

Show Comments

Extras

Top Quizzes Today


Score Distribution

Your Account Isn't Verified!

In order to create a playlist on Sporcle, you need to verify the email address you used during registration. Go to your Sporcle Settings to finish the process.

Report this User

Report this user for behavior that violates our Community Guidelines.

Details: